Statistics for 7-up sprint to 100

Click here to take the quiz!

General Stats

  • This quiz has been taken 290 times
  • The average score is 66 of 100

Answer Stats

Answer% Correct
1
100%
2
98%
3
98%
4
98%
5
98%
6
98%
10
95%
11
95%
12
95%
13
95%
15
95%
16
95%
8
95%
9
95%
up
95%
up
95%
up
95%
18
92%
19
92%
20
92%
22
92%
23
92%
24
92%
25
92%
26
92%
29
92%
30
92%
31
92%
32
92%
33
92%
up
92%
up
92%
up
92%
34
91%
up
91%
36
89%
up
88%
38
87%
39
87%
40
87%
41
84%
43
83%
44
83%
45
83%
46
83%
up
83%
up
82%
48
81%
up
80%
50
78%
51
75%
52
75%
53
74%
54
74%
55
72%
up
66%
up
64%
58
59%
59
59%
60
59%
61
59%
62
58%
64
53%
65
53%
66
53%
up
53%
up
50%
68
49%
69
47%
up
45%
up
44%
up
44%
up
44%
up
43%
up
41%
up
41%
up
41%
up
40%
up
38%
80
35%
81
33%
82
32%
83
32%
up
28%
85
24%
86
23%
up
21%
88
20%
89
20%
90
20%
92
17%
93
17%
94
17%
up
17%
95
15%
96
15%
up
14%
100
12%
99
12%
up
12%

Score Distribution

Percentile by Number Answered

Percent of People with Each Score

Your Score History

You have not taken this quiz